000 01129nac a22003137a 4500
001 BR8500466
003 BR-BrBNA
005 20240105120234.0
008 230509b bl.|||m| |||| 00| 0 por d
040 _aBR-BrBNA
_bpor
_cBiblioteca Nacional de Agricultura
072 _aH20
090 _a0720 BR8500466
100 1 _aBleicher, J.
110 1 _aEmpresa Catarinense de Pesquisa Agropecuaria S.A., Florianopolis, SC (Brasil)
245 1 _aA escaldadura das folhas da ameixeira no estado de Santa Catarina [Prunus salicina, bacteria, biologia, Brasil]
246 1 _a[Plum leaf scald in the state of Santa Catarina [Prunus salicina, bacterium, biology, Brazil]]
260 3 _aFlorianopolis, SC (Brasil):
_c1984.
300 _a9 p.
490 _aComunicado Tecnico - Empresa Catarinense de Pesquisa Agropecuaria S.A. (Brazil)
_vno. 83
_xISSN 0100-4719
500 _a24 ref.
650 _aAMEIXA
650 _aESCALDADURA
650 _aBACTERIA
650 _aDISTRIBUICAO GEOGRAFICA
650 _aSINTOMA
650 _aSANTA CATARINA
909 _a202312
_bLúcia Elande
_c55
_dLúcia Elande
942 _2AGRIS
_n0
_cMS
999 _c278464
_d278464